000
00283 a2200109 4500
001
73641
082
_a
620.1 MER
090
_c
38938
_d
38938
100
_a
Meriam, J L ; KRAIGE, L. G.
245
_a
Engineering Mechanics; Dynamics vol. 2 Ed.4
260
_a
NY
_b
John Wiley & Sons
_c
1998
942
_a
NUST-CAE
_k
620.1 MER
999
_c
308714
_d
308714